| 000 | 00610nam a22002052 4500 | ||
|---|---|---|---|
| 001 | 0000018429 | ||
| 005 | 20151217152128.0 | ||
| 008 | 091028s xx 000 0 eng d | ||
| 020 | _a0071254447 : | ||
| 040 |
_aKABU _cKABU |
||
| 100 | 1 |
_aRizzoni, Giorgio. _@0000177680 |
|
| 245 | 1 | 0 |
_aPrinciples and application of electrical engineering / _cGiorgio Rizzoni. |
| 250 | _a5th ed. | ||
| 260 |
_aBoston : _bMcGraw-Hill, _c2007. |
||
| 300 | _axv, 1134 p. | ||
| 650 | 0 |
_aElectric engineering. _@0000020942 |
|
| 852 | 1 | _9p3720 KES | |
| 908 | _a091028 | ||
| 950 | _@1 | ||
| 999 |
_c8570 _d8570 |
||